00499nam a2200157Ia 4500082002100000100002000021245006900041260003400110300000800144650003400152650003100186650003600217650003800253650002900291700002100320 a338.927095 QUY-T aQuy, Nguyen Duy 0aTowards an ASEAN of peace, stability and sustainable development aHA NOIbGIOI Publishersc2003 a460 aSustainable developmentvAsia aAsiavEconomic development aInternational cooperationvAsia aASEANvForeign economic relations aASEANvForeign relations aChuong, Pham Van